LEADER 01089nam a2200229 4500 001 000000338221 003 CaOOAMICUS 005 20191128102816.0 008 191128s1964 be 000 u fre r 040 $aSeMil$bita 100 1 $aJounel, Pierre,$c.$0(OLS)http://semarc/name/19376 245 10$aMissel de la Semaine Sainte :$btextes bibliques du Lectionnaire et de la Bible de Jérusalem /$cPierre Jounel ; autres traductions R. Jacquin ; introductions et invitatoires P. Jounel. 264 1$aTournai (Belgium) :$bDesclée & C.,$c1964. 300 $a269 p. ;$c17 cm 541 1 $aFondo card. Giovanni Colombo 700 1 $aJacquin, Robert.$0(OLS)http://semarc/name/81326 850 $aSeMil 852 $aSeMil$W1$xVenegono$y1$m3GC V 397$j217784$B229487$CSeMilBibl$Z2$F229487 $8B 941 1 $a3 996 $6245$aMissel de la Semaine Sainte :$btextes bibliques du Lectionnaire et de la Bible de Jérusalem$9(OLS)http://semarc/title/427063 996 $6264$aTournai (Belgium) :$bDesclée & C.$9(OLS)http://semarc/publisher/29896 LEADER 01176nam a2200253 i 4500 001 000000122154 003 CaOOAMICUS 005 20040126000000.0 008 040126s1996 it u000 u ita u 013 $a94849 040 $aSeMil$bita 245 13$aIl santuario della Madonna della Ghiara a Reggio Emilia /$ca cura di Andrea Bacchi e Massimo Mussini. 260 $aTorino :$bUmberto Allemandi,$c1996. 300 $a371 p. :$briccamente ill. ;$c35 cm. 500 $aContiene : Bibliografia. - A piè del front. : Edito per Cassa di Risparmio di Reggio Emilia. - Fondo Card. C.M. Martini. 650 4$aReggio Emilia - Santuario della Madonna della Ghiara.$0(OLS)http://semarc/subject/22879 700 1 $aMussini, Massimo.$0(OLS)http://semarc/name/50778 700 1 $aBacchi, Andrea.$0(OLS)http://semarc/name/44988 850 $aSeMil 852 $aSeMil$W1$xVenegono$y1$m5L X 1$j77169$B77169$CSeMilBibl$Z2$F78874 $8I 941 1 $a4 961 $aOmaggio: Martini Card. Carlo Maria 996 $6245$aIl santuario della Madonna della Ghiara a Reggio Emilia$9(OLS)http://semarc/title/179985 996 $6260$aTorino :$bUmberto Allemandi$9(OLS)http://semarc/publisher/32948